000 00487nam a2200193 a 4500
001 1770805515310
003 YourLibrary
005 20260211155849.0
008 260211s1998##################000#0#eng##
020 _a9780195644548
082 0 4 _a333.707
_bGUH
100 1 _aGuha, Ramachandra,
_eauthor.
245 1 0 _aSocial Ecology :
260 _bOUP India,
_c1998.
300 _a408 pages
650 0 _aSocial Science.
942 _cENGLISH
040 _aYourLibrary
_beng
_cYourLibrary
999 _c611786
_d611786